Personnages de GTA RPZ - Statistiques

Statistiques générales
  • Ce quiz a été pris 206 fois
  • Le résultat moyen est 40 sur 99
Statistiques - réponses
Streamer/Participant Personnage % Correct
Baghera Jones Antoine Croûte
90%
Horty Daniel Croûte
89%
Alexclick Miguel Rodriguez/ Charles Collins
89%
Antoine Daniel Donatien de Montazac
87%
Ponce Fabien Torez
81%
MoMaN Bill Boid
75%
Alphacast Gérard Pichon
72%
TED Bernard Pichon
70%
AVAMind Lucy Hellman
70%
ZeratoR Marius Rotarez
67%
Mynthos Gontran Santé
66%
Mister MV Johnny Monnay
66%
AngleDroit Joséphine de Beaucollier
66%
Kiddy Kiddy West
66%
Ultia Lorenza Blake
66%
Nimeah Grégoire Maison
65%
LittleBigWhale Sarah Carter
64%
Jeel Henriette DeLacroix
63%
Drakony Kim Dwight
63%
Scok Liam Dunne
63%
CaMaK Earl Bailey
62%
Locklear Jean Clanche/ Mystérion/ Jokerion
60%
Lutti Roy Mark
60%
Hermanel Lenny Johnson
59%
Berlu Francis Kuck
58%
Xo_Trixy Hayley Mayers/ 3pac
58%
Doflamingoh Francis Kubo
57%
JDG Joshua Cox
57%
Diabalzane Vanessa Martoni
57%
Hexakil Didier Traoul
56%
Chatt Lara Blake
56%
Etoiles Rayou White
56%
Yob Jim Westwood
54%
Rivenzi Michael Rixzy
54%
Tonton Inigo Montoya
53%
Onutrem Jean Némard
53%
NariieL Le iench
53%
Xerackk Twain Logan/ MT
53%
CYRILmp4 Guy Monier
49%
Sushint Béatrice du Tournesol
47%
Gom4rt Chloé Sterling
47%
Kao Rose Dwight
47%
MrBboy45 Juan Carlos
46%
Gius Marcello Capone
46%
Xari Gauthier Fast/ Go Fast
44%
PwnZ Lindsay Walker
44%
Zack Nani William Morgan
43%
JusteBee Bazil Lombrick
42%
Trinity Kelly Vendrick
42%
Jungo Kenneth Manbrock
42%
ToneEUW Matéo Sanchez/ Racoon
42%
TarTiine Haylie James
41%
ToneEUW Alain Panis
39%
Kusa Alain Terieur
39%
Maghla Bénédicte Concombre
39%
LamatraK Timothée Lambert
39%
Chamallo Baptiste Polco/ DobberMan
35%
LeRoiSamo Devon Denis
35%
JimmyBoyyy Jacky Pagnolesse
34%
Quentin Tom Harris
34%
m4fgaming Tom Zimmermans
34%
BauerPartEnLive Harry Bauer
33%
Finduss Titouan Martoni
32%
JeanBaptisteShow Franck Peine
31%
Aypierre Patrick Pagnolesse
30%
MamieGrognasse Abigail King
28%
Eventis Thomas Giorno
28%
Lapi Alex Terieur
27%
Kenny Bobby Cooper
27%
MehdocheLive Feels Bon
27%
Deujna Lucie Lambert
26%
RedHodd Angelo Grimaldi
25%
Krapoplay Julien Grine
25%
Koka Julien Titan
25%
Lege Yann Allée
25%
Princesse Sabri Martine Libérée
22%
Mildread Sally Sullivan
21%
DFG Donovan Entorsowski
18%
Nono Driss de Niss
17%
bbq_Sama Joe Liqueur
14%
TPK Philippe Moeunavre
13%
Cubetome1 Arthur Holloway
12%
Povers Alfred de la Roche
11%
Mizu Ellana Elric
11%
Aaley Sami White
11%
StarPky Riley Mulder
10%
DobbyElfe Curtis Sheaperd
9%
Djangow Jason Wolf
9%
Jbzzed Edwin Amax
8%
Lege Maurice de Kerghalen
8%
JLTomy Andrès Capuerano
7%
Aiekillu Imad Bouguerra
7%
JLBichou Said Bogota
7%
FreemanSensei Mudjo Davur
6%
Wingobear Romain Castillet
5%
BestMarmotte Auguste Zimmermans
3%
Junpei Eduardo Tremblay
3%
Funka Phillipe Tragione
3%
JLFake Rico Pérez
3%
Aucun quiz correspondant
Distribution des résultats
% des personnes avec chaque résultat
Percentile par nombre de réponses
Votre historique - résultats
Vous n’avez pas pris ce quiz